Statistics for World Capitals in Breaddhish

Click here to take the quiz!

General Stats

  • This quiz has been taken 12 times
  • The average score is 26 of 196

Answer Stats

CountryCapital City% Correct
BreadruBreadren
70%
Breadican CityBreadican City
60%
Yeast TimorBreadli
60%
BreadmanyBreadlin
60%
San MabreanoSan Mabreano
60%
RollvakiaBreadislava
50%
BreadnacoBreadnaco
50%
BreadbadosBreadtown
50%
LuxembreadLuxembread
50%
BreadgaryBreadapest
40%
SerbreaBreadgrade
40%
BreadladeshBreadka
40%
BreadzerbaijanBreadku
40%
BrealtaBreadlletta
40%
BreastoniaBreadllinn
40%
BrealbaniaBreadrana
40%
BreadhamasBreadsau
40%
BreadzilBreadsília
40%
BreadwayBreadslo
40%
Breadnea-BreadssauBreadssau
40%
BreaderlandsBreadsterdam
40%
BreadchensteinBreaduz
40%
RollmaniaBreadcharest
30%
MontebreadgroBreadgorica
30%
BreadatiaBreadgreb
30%
North BreadcedoniaBreadje
30%
BreadnegalBreadkar
30%
BreadivesBreadlé
30%
RollveniaBreadljana
30%
New BreadlandBreadllington
30%
Breadnia and
Breadzegovina
Breadrajevo
30%
BreadgiumBreadssels
30%
BreadzerlandBrearn
30%
São Tomé and BreadcipeSão Tomé
30%
BreadthiopiaAddis Abreadba
20%
BrirelandBreablin
20%
BreadboutiBreadbouti
20%
NamibreaBreadhoek
20%
BreinaBreadjing
20%
RyelandBreadkok
20%
BreadritreaBreadmara
20%
BreadlizeBreadmopan
20%
BreadrainBreadnama
20%
BreadbodiaBread Penh
20%
BaguetteBreadris
20%
BreadgyptBreadro
20%
RollandBreadsaw
20%
RollsiaBreadscow
20%
United Loafs of BreadmericaBreadshington D.C.
20%
BreanlandBreadsinki
20%
RollsovoBreadstina
20%
BreadmaicaBreadston
20%
ParabreadBreadsuncíon
20%
GreaseBreadthens
20%
South BreadfricaBreadtoria / Brape Town
/ Breadfontein
20%
BreadnadaBreadttawa
20%
BreadjiBreadva
20%
BreadbaBreadvana
20%
BreadxicoBreadxico City
20%
Breaddhist Republic of the BreadgoBreadzzaville
20%
BreatviaBreaga
20%
Bread RepublicBreague
20%
BrealgeriaBrealgiers
20%
BreadovaBreașinău
20%
BricelandBreaykjavik
20%
BreakistanIslamabread
20%
RolltugalLisbun
20%
BrainMabread
20%
Breantigua and BreadbudaSaint Bread's
20%
Costa BreaddaSan Breadsé
20%
El BreadvadorSan Breadvador
20%
United Arab LoafsAbread Dhabi
10%
TurkeysandwichstanAshgabread
10%
BreadtswanaBreadborone
10%
BradBread'Djamena
10%
BrearmeniaBreadevan
10%
RollwandaBreadgali
10%
BreadlombiaBreadgotá
10%
Central African BreadBreadgui
10%
GambreaBreadjul
10%
BreadonesiaBreadkarta
10%
BreadpalBreadmandu
10%
SyryeaBreadmascus
10%
BreardanBreadmman
10%
YebreadBreadna'a
10%
BreargentinaBreadnos Aires
10%
BreadlarusBreadnsk
10%
UbrandaBreadpala
10%
BreadsraelBreadrusalem
10%
Saint Breads and NevisBreadseterre
10%
Saint Breadcent and the
Breadnadines
Breadstown
10%
Saint BreaciaBreadstries
10%
BreadrundiBreadtega
10%
BreadtemalaBreadtemala City
10%
BrealeBreadtiago
10%
BreadchellesBreadtoria
10%
BreadwaitBreadwait City
10%
BreadraqBreaghdad
10%
BreadranBreahran
10%
BreangolaBrealuanda
10%
BreandorraBreandorra la Breaddha
10%
BreadmeroonBreaoundé
10%
BreaustraliaCanbreada
10%
BreadliviaLa Breaz / Breadcre
10%
GabunLibreadville
10%
United FlatbreadLonbun
10%
BreandiaNew Breaddhi
10%
BreaitiPort-au-Bread
10%
Papua New BreadneaPort Moresbread
10%
BreadninPorto-Breado /
Breadtonou
10%
Trinibread and TobagelPort-of-Bread
10%
BreadgariaRollfia
10%
RollgoRollmé
10%
BritalyRollme
10%
BreadthuaniaRollnius
10%
BreadmarkRollpenhagen
10%
BreaustriaRyenna
10%
BreadkraineRyev
10%
BreadnadaSaint Brearge's
10%
Breadminican RepublicSanto Breadmingo
10%
SwebreadStockrollm
10%
MonrolliaUlaanbreadtar
10%
RyegeriaAbreadja
0%
Turkey SandwichAnkbreadra
0%
MadabreadscarAntananabreadvo
0%
SabroaAtortilla
0%
Cape BreadBraia
0%
BreadneiBreadar Seri
Breadawan
0%
GharlicBreadccra
0%
MauribreadniaBreadchott
0%
BreadgyzstanBreadkek
0%
Equatorial BreadneaBreadlabo
0%
BreadliBreadmako
0%
Ivory ToastBreadmoussoukro
0%
BreadnamaBreadnama City
0%
BreadzaniaBreadoma
0%
MozambreadBreadputo
0%
ZimbreadweBreadrare
0%
LebreadnonBreadrut
0%
ZambreadBreadsaka
0%
BreadsothoBreadseru
0%
BreadzakhstanBread-Sultan
0%
KiribreatiBread Tarawa
0%
BreaddanBreadtoum
0%
BreaddurasBreagucigalpa
0%
Breaderated States of
Breadcronesia
Brealikir
0%
PumpernicaraguaBreanagua
0%
BraosBreantiane
0%
BreadyanaBreargetown
0%
BreadcuadorBreato
0%
Saudi BreadrabiaBreayadh
0%
Brearra LeoneBreetown
0%
BreadmanBunscat
0%
Breadmocratic Republic
of the Breadgo
Bunshasa
0%
BreadtanCrumbpu
0%
BreadjikistanDushanbread
0%
BreanevuelaFlatbreadcas
0%
BreadvaluFunafruiti
0%
VietbreadHamroll
0%
South BreaddanJubread
0%
BreafghanistanKabroll
0%
BreadlaysiaKuala Breadpur
0%
BreadlawiLilongbread
0%
BrearuLima Bean
0%
Breadshall IslandsMajuroll
0%
BreadswatiniMbabread
0%
LibreadriaMonrollvia
0%
UrubreadMontebreadeo
0%
BreadmorosMorollni
0%
BreanyaNairollbi
0%
BreadlauNgerulbread
0%
BreadprusNirollsia
0%
RollngaNukuʻaloafa
0%
SuribreadParamabreabo
0%
MauribreasPort Breais
0%
BreadnuatuPort Breala
0%
North BreadreaPyongbread
0%
MorollccoRabreat
0%
South BreadreaReoul
0%
BreadmaliaRollgadishu
0%
Breadkina FasoRollgadougou
0%
BreadtarRollha
0%
BreadpanRollkyo
0%
BreadneaRollnakry
0%
Breadlomon IslandsRollniara
0%
BreadminicaRollseau
0%
RyegerRyeamey
0%
RyewanRyepei
0%
RyeanmarRyepyidaw
0%
SingabreadSingabread
0%
Sri BreankaSri
Jayabreadenepura
Breadte
0%
UzbreadistanTashbread
0%
GreadgiaTbreadlisi
0%
LibreadyaTrirolli
0%
TubreadsiaTubread
0%
PhilibreadsVanilla
0%

Score Distribution

Percentile by Number Answered

Percent of People with Each Score

Your Score History

You have not taken this quiz